Migraciones y medio ambiente, ¿una relación plausible?: el caso de la cuenca del río San Juan /

Gardado en:
Detalles Bibliográficos
Autor Principal: Cordero, Allen
Formato: Texto
Materias:
Etiquetas: Engadir etiqueta
Sen Etiquetas, Sexa o primeiro en etiquetar este rexistro!

MARC

LEADER 00000 a a2200000 04500
001 14213
003
040
100 |a Cordero, Allen  
245 |a Migraciones y medio ambiente, ¿una relación plausible?:   |b el caso de la cuenca del río San Juan /  |c Allen Cordero 
650 |a MIGRACION  
650 |a RECURSOS NATURALES  
650 |a NICARAGUENSES  
650 |a COSTA RICA  
773 |g volumen 3, número 1; páginas 123-149  
999 |c 36437  |d 36437